LEADER 01181naa a2200253 u 4500 001 000000096235 003 CaOOAMICUS 005 20070226130145.0 008 040803s2004 fr u000 u fre u 035 $a11006063 040 $aEFR$bita 041 0 $afre$beng 245 00$aPrédication et prédicateurs XIXe-XXe siècles. 260 $aStrasbourg :$bUniversité Marc Bloch,$c2004. 300 $aP. [307]-462 ;$c22 cm 500 $a"Journée d'études annuel de l'Association Française d'Histoire Religieuse Contemporaine, le samedi 26 septembre". -- Prés. 504 $aNotes bibliogr. 546 $aRésumé en français et anglais. 650 0$aPreaching$xHistory$y19th century$xCongresses.$2//eng$0(OLS)http://pul/subject/30457 650 0$aPreaching$xHistory$y20th century$xCongresses.$2//eng$0(OLS)http://pul/subject/30458 730 0 $aRevue des sciences religieuses$g[Spogli].$0(OLS)http://pul/title/12027 773 0 $tRevue des sciences religieuses$x0035-2217$g78 : no 3 (2004)$w()8223 996 $6245$aPrédication et prédicateurs XIXe-XXe siècles$9(OLS)http://pul/title/123111 996 $6260$aStrasbourg :$bUniversité Marc Bloch$9(OLS)http://pul/publisher/79173 LEADER 01120nam a2200253 u 4500 001 000000053327 003 CaOOAMICUS 005 20070226115540.0 008 001114s1929 it u000 u ita u 035 $a10861091 040 $aPUL(R)$bita 100 1 $aHoornaert, Georges,$cS.I.,$dn. 1876.$0(OLS)http://pul/name/37967 245 10$aA coloro che hanno vent'anni :$bper la tattica di un combattimento /$cG. Hoornaert ; prefazione del P. Vermeersch, S.I. 260 $aRoma :$bFrancesco Ferrari,$c1929. 300 $a295 p. ;$c22 cm 504 $aBibliofrafia in nota. 650 4$aEducazione dei giovani.$0(OLS)http://pul/subject/1340 700 1 $aVermeersch, Arthur,$cS.I.,$d1858-1936.$0(OLS)http://pul/name/17790 850 $aPUL 852 $aPUL$W1$xDP1 Fondo Venturi$y52$m1551 C 48$j70376$nBK-PRI$b $qFondi$B70376$CPULBib$Z2$F70376 $H $81 941 1 $a1 961 $aINV: Fondo Venturi 996 $6245$aA coloro che hanno vent'anni :$bper la tattica di un combattimento$9(OLS)http://pul/title/71540 996 $6260$aRoma :$bFrancesco Ferrari$9(OLS)http://pul/publisher/54001